|
|
|
|
| LEADER |
00000nab a2200000 i 4500 |
| 001 |
publ398 |
| 005 |
20220405082305.0 |
| 008 |
220405s2003 hu o 000 zxx d |
| 040 |
|
|
|a BGE Publikációtár Repozitórium
|b hun
|
| 100 |
1 |
|
|a Nádor Éva
|
| 245 |
1 |
0 |
|a EU-csatlakozás - Nagy kihívás kis vállalkozásoknak
|c Nádor Éva
|h [elektronikus dokumentum]
|
| 260 |
|
|
|c 2003
|
| 300 |
|
|
|a 70-80
|
| 490 |
0 |
|
|a EU Working Papers
|v No. 3-4. sz.
|
| 650 |
|
4 |
|a közgazdaságtudományok
|
| 695 |
|
|
|a EU-csatlakozás
|
| 695 |
|
|
|a Kis- és középvállalkozások
|
| 856 |
4 |
0 |
|u https://publikaciotar.uni-bge.hu/id/eprint/398/1/ewp_0304_04.pdf
|z Dokumentum-elérés
|